[Event "FICGS W-ch st1 gM 01 email"]
[Site "FICGS email"]
[Date "2020.03.01"]
[Round "1"]
[White "Boehme, Sebastian"]
[Black "Schmidt, Jonny"]
[Result "1/2-1/2"]
[WhiteElo "2323"]
[BlackElo "2236"]
[PlyCount "77"]
[EventDate "2020.??.??"]
[EventType "tourn (corr)"]
[EventRounds "6"]
[EventCategory "1"]
[SourceTitle "Corr 2022"]
[Source "ChessBase"]
[SourceDate "2021.10.24"]
[SourceVersion "1"]
[SourceVersionDate "2021.10.24"]
[SourceQuality "1"]

1. e4 c5 2. Nf3 d6 3. d4 Nf6 4. Nc3 cxd4 5. Nxd4 a6 6. Be3 Ng4 7. Bg5 h6 8. Bh4 g5 9. Bg3 Bg7 10. h3 Ne5 11. Nf5 Bxf5 12. exf5 Nbc6 13. Nd5 e6 14. fxe6 fxe6 15. Ne3 Qa5+ 16. c3 Nf3+ 17. gxf3 Bxc3+ 18. bxc3 Qxc3+ 19. Qd2 Qxa1+ 20. Nd1 Qd4 21. Bd3 Ne5 22. Bxe5 Qxe5+ 23. Kf1 0-0 24. Be2 Rac8 25. Qd3 Rf7 26. Ne3 Kg7 27. Kg2 b5 28. a4 Rc3 29. Ng4 Qc5 30. Qe4 Qd5 31. Qxd5 exd5 32. axb5 axb5 33. Bxb5 d4 34. Be8 Re7 35. Bh5 d3 36. Ne3 Re5 37. Rd1 d5 38. Bg4 Kf8 39. Bh5 1/2-1/2

[Event "FICGS W-ch st1 gM 01 email"]
[Site "FICGS email"]
[Date "2020.03.01"]
[Round "1"]
[White "Markus, Roland"]
[Black "Schmidt, Jonny"]
[Result "1-0"]
[WhiteElo "2277"]
[BlackElo "2236"]
[PlyCount "39"]
[EventDate "2020.??.??"]
[EventType "tourn (corr)"]
[EventRounds "6"]
[EventCategory "1"]
[SourceTitle "Corr 2022"]
[Source "ChessBase"]
[SourceDate "2021.10.24"]
[SourceVersion "1"]
[SourceVersionDate "2021.10.24"]
[SourceQuality "1"]

1. d4 d5 2. Nf3 Nf6 3. e3 c5 4. c3 Nbd7 5. c4 cxd4 6. cxd5 Nxd5 7. Qxd4 e6 8. Be2 Nb4 9. Qc3 Nd5 10. Qc2 Bb4+ 11. Bd2 Bxd2+ 12. Qxd2 N7f6 13. 0-0 0-0 14. Nc3 b6 15. Nxd5 Nxd5 16. Rfd1 Bb7 17. Rac1 Rc8 18. Qd4 h6 19. Ne5 Qe7 20. Bf1 1-0

[Event "FICGS W-ch st1 gM 01 email"]
[Site "FICGS email"]
[Date "2020.03.01"]
[Round "1"]
[White "Schmidt, Jonny"]
[Black "Kireev, Sergey Ivanovich"]
[Result "1/2-1/2"]
[WhiteElo "2236"]
[BlackElo "2328"]
[PlyCount "166"]
[EventDate "2020.??.??"]
[EventType "tourn (corr)"]
[EventRounds "6"]
[EventCategory "1"]
[SourceTitle "Corr 2022"]
[Source "ChessBase"]
[SourceDate "2021.10.24"]
[SourceVersion "1"]
[SourceVersionDate "2021.10.24"]
[SourceQuality "1"]

1. e4 e5 2. Nf3 Nc6 3. Bc4 Bc5 4. c3 Nf6 5. d3 d6 6. 0-0 0-0 7. Bb3 a5 8. a4 h6 9. h3 Be6 10. Nbd2 Re8 11. Re1 d5 12. Qc2 Qd7 13. exd5 Nxd5 14. Nf1 f6 15. Be3 Bf8 16. Bd2 Kh8 17. Ng3 Bg8 18. Rad1 Bh7 19. Qb1 Rad8 20. Qa2 g5 21. d4 e4 22. Bxd5 Qxd5 23. Qxd5 Rxd5 24. c4 Rdd8 25. d5 Nb4 26. Nd4 Nd3 27. Nh5 Be7 28. Ne6 Rd7 29. Bc3 Nxe1 30. Rxe1 Bg6 31. Nxf6 Bxf6 32. Bxf6+ Kg8 33. Nc5 Rd6 34. Bd4 b6 35. Nb3 c5 36. Bc3 Rd7 37. Nd2 Kf8 38. Nf1 Rf7 39. Ne3 Bf5 40. Rd1 Bc8 41. b3 Rh7 42. Re1 Kf7 43. Kh2 Bd7 44. Nd1 h5 45. Bd2 Kg6 46. Nc3 Rhe7 47. Bc1 h4 48. Kg1 Bf5 49. Kh2 g4 50. hxg4 Bxg4 51. Rg1 Kf5 52. Rf1 Rg7 53. Re1 Bh5 54. Kh3 Rf7 55. Re3 Re5 56. Bb2 Ree7 57. Kh2 Bg4 58. Bc1 h3 59. gxh3 Bf3 60. Ne2 Rf8 61. Ng3+ Kg6 62. Re1 Rh7 63. Nxe4 Bxe4 64. Rxe4 Rxf2+ 65. Kg3 Rf1 66. Rg4+ Kf5 67. Rf4+ Rxf4 68. Bxf4 Rg7+ 69. Kf3 Rg1 70. Bc7 Rb1 71. Ke2 Rxb3 72. Kd2 Rb4 73. Kd3 Rxa4 74. Bxb6 Ra3+ 75. Kc2 a4 76. Bxc5 Rxh3 77. Bd4 Ke4 78. Bb2 a3 79. Bc3 a2 80. Ba1 Rd3 81. c5 Rxd5 82. c6 Rc5+ 83. Kb2 Rxc6 1/2-1/2

[Event "FICGS class M 000084 email"]
[Site "FICGS email"]
[Date "2019.10.01"]
[Round "1"]
[White "Marciz, Alexander"]
[Black "Schmidt, Jonny"]
[Result "1-0"]
[WhiteElo "2253"]
[BlackElo "2219"]
[PlyCount "39"]
[EventDate "2019.??.??"]
[EventType "tourn (corr)"]
[EventRounds "6"]
[SourceTitle "Corr 2022"]
[Source "ChessBase"]
[SourceDate "2021.10.24"]
[SourceVersion "1"]
[SourceVersionDate "2021.10.24"]
[SourceQuality "1"]

1. Nf3 c5 2. e4 d6 3. d4 cxd4 4. Nxd4 Nf6 5. Nc3 a6 6. Bg5 Nbd7 7. Qe2 e6 8. f4 Qc7 9. 0-0-0 Be7 10. g4 b5 11. Bg2 b4 12. e5 bxc3 13. Bxa8 dxe5 14. fxe5 Nd5 15. Bxe7 cxb2+ 16. Kxb2 Nxe7 17. Be4 Nxe5 18. Rhe1 h6 19. h4 0-0 20. g5 1-0

[Event "FICGS class M 000084 email"]
[Site "FICGS email"]
[Date "2019.10.01"]
[Round "1"]
[White "Schmidt, Jonny"]
[Black "Sorbi, Luca"]
[Result "1/2-1/2"]
[WhiteElo "2219"]
[BlackElo "2226"]
[PlyCount "50"]
[EventDate "2019.??.??"]
[EventType "tourn (corr)"]
[EventRounds "6"]
[SourceTitle "Corr 2022"]
[Source "ChessBase"]
[SourceDate "2021.10.24"]
[SourceVersion "1"]
[SourceVersionDate "2021.10.24"]
[SourceQuality "1"]

1. e4 e5 2. Nf3 Nf6 3. Nxe5 d6 4. Nf3 Nxe4 5. d4 d5 6. Bd3 Nc6 7. 0-0 Be7 8. Nbd2 Nxd2 9. Bxd2 Bg4 10. c3 0-0 11. h3 Bh5 12. g3 Qd7 13. Kg2 Bg6 14. Bf4 Bxd3 15. Qxd3 a6 16. Rae1 Rae8 17. Re2 Bf6 18. Rfe1 Rxe2 19. Rxe2 Nd8 20. h4 h6 21. Nh2 Ne6 22. Qf3 Bxd4 23. Rxe6 fxe6 24. cxd4 e5 25. dxe5 g5 1/2-1/2

[Event "FICGS W-ch st1 gN 01 email"]
[Site "FICGS email"]
[Date "2019.07.01"]
[Round "1"]
[White "Schmidt, Jonny"]
[Black "Bartsch, Reinhard Andrea"]
[Result "1/2-1/2"]
[WhiteElo "2219"]
[BlackElo "2193"]
[PlyCount "110"]
[EventDate "2019.??.??"]
[EventType "tourn (corr)"]
[EventRounds "6"]
[SourceTitle "Corr 2022"]
[Source "ChessBase"]
[SourceDate "2021.10.24"]
[SourceVersion "1"]
[SourceVersionDate "2021.10.24"]
[SourceQuality "1"]

1. e4 c5 2. Nc3 e6 3. Nf3 Nc6 4. d4 cxd4 5. Nxd4 a6 6. Nxc6 bxc6 7. Bd3 d5 8. 0-0 Nf6 9. Bf4 Be7 10. Re1 Bb7 11. Qf3 0-0 12. Rad1 Nd7 13. Qg3 Re8 14. Na4 e5 15. Bh6 Bf8 16. c3 Qc7 17. Be3 Rab8 18. h3 dxe4 19. Bxe4 c5 20. Bxb7 Rxb7 21. c4 Nb6 22. Nxb6 Qxb6 23. b3 a5 24. Rd5 e4 25. Re5 Rbb8 26. Bd2 Rbd8 27. Bc3 a4 28. bxa4 Qa6 29. R5xe4 Rxe4 30. Rxe4 Qxa4 31. Rg4 g6 32. Re4 Rd1+ 33. Kh2 Qc6 34. Qe3 Rd8 35. g3 h5 36. Qf4 Rd3 37. Re3 Rd1 38. Rf3 f5 39. Qe5 Kf7 40. Qe2 Rc1 41. Bb2 Rb1 42. Kg2 Kg8 43. Bc3 Bg7 44. Bxg7 Kxg7 45. Qc2 Rb7 46. Qd3 Ra7 47. a3 Rd7 48. Qe2 Kf7 49. Kh2 Qd6 50. Qe3 Qd4 51. Qh6 Rd8 52. h4 Rh8 53. Qc1 Rb8 54. a4 Rb4 55. a5 Qe4 1/2-1/2

[Event "FICGS W-ch st1 gN 01 email"]
[Site "FICGS email"]
[Date "2018.11.01"]
[Round "1"]
[White "Hamby, Stephen"]
[Black "Schmidt, Jonny"]
[Result "1/2-1/2"]
[WhiteElo "2237"]
[BlackElo "2189"]
[PlyCount "101"]
[EventDate "2018.??.??"]
[EventType "tourn (corr)"]
[EventRounds "6"]
[SourceTitle "Corr 2022"]
[Source "ChessBase"]
[SourceDate "2021.10.24"]
[SourceVersion "1"]
[SourceVersionDate "2021.10.24"]
[SourceQuality "1"]

1. Nf3 c5 2. c4 Nc6 3. Nc3 e5 4. g3 g6 5. Bg2 Bg7 6. 0-0 Nge7 7. a3 d6 8. Rb1 0-0 9. b4 f5 10. Ne1 Kh8 11. d3 Rb8 12. e3 Be6 13. b5 Na5 14. e4 f4 15. Nf3 b6 16. h3 Bh6 17. Kh2 g5 18. Ng1 Rg8 19. Bf3 Qd7 20. Bg4 Rbf8 21. Kg2 Nb7 22. Bxe6 Qxe6 23. Nd5 Bg7 24. Nf3 Bf6 25. Nh2 Qf7 26. a4 Nd8 27. Ra1 Rg7 28. Rh1 Nxd5 29. cxd5 Be7 30. g4 Qe8 31. Bd2 Nb7 32. Qf3 h5 33. gxh5 Rh7 34. Bc3 Rxh5 35. a5 Bd8 36. axb6 Bxb6 37. h4 gxh4 38. Rhg1 Rh7 39. Kh1 c4 40. dxc4 Qh5 41. Rg4 Rg7 42. Rag1 Rff7 43. Qd1 Qh6 44. Rxg7 Rxg7 45. Rxg7 Kxg7 46. Qg4+ Qg6 47. f3 Qxg4 48. Nxg4 Kg6 49. Kh2 Kg5 50. Kg2 Bd4 51. Bb4 1/2-1/2

[Event "FICGS W-ch st1 gN 01 email"]
[Site "FICGS email"]
[Date "2018.11.01"]
[Round "1"]
[White "Schmidt, Jonny"]
[Black "D Agostino, Gabriele"]
[Result "1/2-1/2"]
[WhiteElo "2189"]
[BlackElo "2229"]
[PlyCount "50"]
[EventDate "2018.??.??"]
[EventType "tourn (corr)"]
[EventRounds "6"]
[SourceTitle "Corr 2022"]
[Source "ChessBase"]
[SourceDate "2021.10.24"]
[SourceVersion "1"]
[SourceVersionDate "2021.10.24"]
[SourceQuality "1"]

1. e4 c5 2. c3 Nf6 3. e5 Nd5 4. d4 cxd4 5. Nf3 Nc6 6. cxd4 d6 7. Bc4 Nb6 8. Bb5 dxe5 9. Nxe5 Bd7 10. Nxd7 Qxd7 11. Nc3 e6 12. 0-0 a6 13. Bxc6 Qxc6 14. Be3 Nd5 15. Rc1 Be7 16. Qf3 Nxc3 17. Qxc6+ bxc6 18. Rxc3 Kd7 19. Rfc1 Rhc8 20. g4 a5 21. Kf1 a4 22. Ke2 Ra6 23. f4 Rb8 24. R1c2 h5 25. g5 Rb4 1/2-1/2

[Event "FICGS W-ch final email"]
[Site "FICGS email"]
[Date "2018.03.07"]
[Round "1"]
[White "Bernal Varela, Nelson"]
[Black "Schmidt, Jonny"]
[Result "1/2-1/2"]
[WhiteElo "2277"]
[BlackElo "2167"]
[PlyCount "72"]
[EventDate "2018.??.??"]
[EventType "tourn (corr)"]
[EventRounds "6"]
[EventCategory "5"]
[SourceTitle "Corr 2022"]
[Source "ChessBase"]
[SourceDate "2021.10.24"]
[SourceVersion "1"]
[SourceVersionDate "2021.10.24"]
[SourceQuality "1"]

1. e4 c5 2. Nf3 d6 3. d4 cxd4 4. Nxd4 Nc6 5. c4 Nf6 6. Nc3 Nxd4 7. Qxd4 g6 8. Be3 Bg7 9. Be2 0-0 10. Qd3 Bd7 11. 0-0 a6 12. Rfd1 b5 13. cxb5 axb5 14. Nxb5 Bxb5 15. Qxb5 Rb8 16. Qc4 Rxb2 17. Bd4 Rb7 18. a4 Qa5 19. e5 Ne4 20. Qc6 Rb4 21. Bf3 d5 22. Bxe4 dxe4 23. Bc3 Rb6 24. Qc7 Qa6 25. Qxe7 Re6 26. Qg5 Rfe8 27. Rd8 Qc6 28. Rxe8+ Rxe8 29. Qd2 Bxe5 30. Bxe5 Rxe5 31. a5 Rd5 32. Qe1 Qa6 33. h3 h5 34. Qf1 Rd3 35. Qc1 Rd5 36. Qf1 Rd3 1/2-1/2

[Event "FICGS W-ch final email"]
[Site "FICGS email"]
[Date "2018.03.07"]
[Round "1"]
[White "Gray, Garvin"]
[Black "Schmidt, Jonny"]
[Result "1/2-1/2"]
[WhiteElo "2247"]
[BlackElo "2167"]
[PlyCount "51"]
[EventDate "2018.??.??"]
[EventType "tourn (corr)"]
[EventRounds "6"]
[EventCategory "5"]
[SourceTitle "Corr 2022"]
[Source "ChessBase"]
[SourceDate "2021.10.24"]
[SourceVersion "1"]
[SourceVersionDate "2021.10.24"]
[SourceQuality "1"]

1. e4 c5 2. Nf3 d6 3. Bb5+ Nd7 4. 0-0 a6 5. Bd3 Ngf6 6. c3 b5 7. Bc2 Bb7 8. Re1 c4 9. a4 e6 10. d4 cxd3 11. Qxd3 Nc5 12. Qe2 Nxa4 13. c4 Qc8 14. cxb5 axb5 15. Bg5 Be7 16. Bxf6 Bxf6 17. Na3 Nxb2 18. Nxb5 0-0 19. Nxd6 Qc7 20. Nxb7 Rxa1 21. Rxa1 Qxb7 22. e5 Be7 23. g3 Rc8 24. Be4 Qb4 25. h4 g6 26. Rb1 1/2-1/2

[Event "FICGS W-ch final email"]
[Site "FICGS email"]
[Date "2018.03.07"]
[Round "1"]
[White "Schmidt, Jonny"]
[Black "Hamby, Stephen"]
[Result "1/2-1/2"]
[WhiteElo "2167"]
[BlackElo "2219"]
[PlyCount "67"]
[EventDate "2018.??.??"]
[EventType "tourn (corr)"]
[EventRounds "6"]
[EventCategory "5"]
[SourceTitle "Corr 2022"]
[Source "ChessBase"]
[SourceDate "2021.10.24"]
[SourceVersion "1"]
[SourceVersionDate "2021.10.24"]
[SourceQuality "1"]

1. e4 e6 2. d4 d5 3. Nd2 Nf6 4. e5 Nfd7 5. Bd3 c5 6. c3 Nc6 7. Ne2 cxd4 8. cxd4 f6 9. exf6 Nxf6 10. Nf3 Bd6 11. 0-0 0-0 12. Bf4 Bxf4 13. Nxf4 Ne4 14. g3 g5 15. Nh5 Bd7 16. Ne5 Be8 17. Nxc6 bxc6 18. Qg4 Kh8 19. Rad1 Bg6 20. Qh3 Rf3 21. Be2 Qf8 22. Nf4 Bf5 23. Qh5 Rxf2 24. Rxf2 Nxf2 25. Kxf2 gxf4 26. g4 Be4 27. Qe5+ Qg7 28. Rc1 Qxe5 29. dxe5 Rc8 30. b4 Kg7 31. Rc5 Rb8 32. a3 Rb6 33. h4 Kg6 34. Bd1 1/2-1/2

[Event "FICGS W-ch final email"]
[Site "FICGS email"]
[Date "2018.03.07"]
[Round "1"]
[White "Schmidt, Jonny"]
[Black "Khanas, Valeriy"]
[Result "1/2-1/2"]
[WhiteElo "2167"]
[BlackElo "2157"]
[PlyCount "58"]
[EventDate "2018.??.??"]
[EventType "tourn (corr)"]
[EventRounds "6"]
[EventCategory "5"]
[SourceTitle "Corr 2022"]
[Source "ChessBase"]
[SourceDate "2021.10.24"]
[SourceVersion "1"]
[SourceVersionDate "2021.10.24"]
[SourceQuality "1"]

1. e4 c5 2. c3 Nf6 3. e5 Nd5 4. d4 cxd4 5. Nf3 Nc6 6. Bc4 Nb6 7. Bb3 d5 8. exd6 Qxd6 9. Na3 dxc3 10. Qxd6 exd6 11. Nb5 Rb8 12. bxc3 a6 13. Be3 axb5 14. Bxb6 Ra8 15. 0-0 Be7 16. Rfe1 0-0 17. Rad1 Bf6 18. Re3 Be6 19. g3 Rfe8 20. Rxd6 Bxb3 21. axb3 Rxe3 22. fxe3 Ra1+ 23. Kg2 Ra2+ 24. Kg1 Bxc3 25. Rd7 Rb2 26. Rxb7 f6 27. Rc7 Ne5 28. Rc8+ Kf7 29. Rc7+ Kf8 1/2-1/2

[Event "FICGS W-ch st2 g02 email"]
[Site "FICGS email"]
[Date "2017.07.19"]
[Round "1"]
[White "Khanas, Valeriy"]
[Black "Schmidt, Jonny"]
[Result "1/2-1/2"]
[WhiteElo "2165"]
[BlackElo "2135"]
[PlyCount "55"]
[EventDate "2017.??.??"]
[EventType "tourn (corr)"]
[EventRounds "8"]
[SourceTitle "Corr 2022"]
[Source "ChessBase"]
[SourceDate "2021.10.24"]
[SourceVersion "1"]
[SourceVersionDate "2021.10.24"]
[SourceQuality "1"]

1. d4 d5 2. c4 e6 3. Nc3 Nf6 4. Bg5 Be7 5. e3 0-0 6. Nf3 h6 7. Bh4 b6 8. Be2 Nbd7 9. cxd5 exd5 10. 0-0 Bb7 11. Qb3 c5 12. Rfd1 c4 13. Qc2 Bb4 14. Ne5 Bxc3 15. bxc3 Qc7 16. Nxd7 Nxd7 17. Re1 Rae8 18. a4 f5 19. Qb1 Bc6 20. Bd1 Re4 21. f4 Ree8 22. Bc2 g6 23. g4 Nf6 24. Bxf6 Rxf6 25. gxf5 Bd7 26. fxg6 Bg4 27. Qc1 Qe7 28. Qd2 1/2-1/2

[Event "FICGS rapid M 000088 email"]
[Site "FICGS email"]
[Date "2017.07.05"]
[Round "1"]
[White "Ortiz, Clodomiro"]
[Black "Schmidt, Jonny"]
[Result "1/2-1/2"]
[WhiteElo "2257"]
[BlackElo "2135"]
[PlyCount "51"]
[EventDate "2017.??.??"]
[EventType "tourn (rapid)"]
[EventRounds "6"]
[SourceTitle "Corr 2022"]
[Source "ChessBase"]
[SourceDate "2021.10.24"]
[SourceVersion "1"]
[SourceVersionDate "2021.10.24"]
[SourceQuality "1"]

1. Nf3 c5 2. e4 d6 3. d4 cxd4 4. Nxd4 Nc6 5. c4 Nf6 6. Nc3 g6 7. Be2 Nxd4 8. Qxd4 Bg7 9. Be3 0-0 10. Qd2 Be6 11. Bd4 Qa5 12. Rd1 Rfc8 13. b3 a6 14. f4 b5 15. 0-0 bxc4 16. f5 Bd7 17. Bxc4 Bb5 18. Qe2 Bxc4 19. bxc4 Rab8 20. Kh1 Re8 21. fxg6 hxg6 22. Qf2 e5 23. Nd5 exd4 24. Nxf6+ Bxf6 25. Qxf6 Rb7 26. Rxd4 1/2-1/2

[Event "FICGS rapid M 000088 email"]
[Site "FICGS email"]
[Date "2017.07.05"]
[Round "1"]
[White "Schmidt, Jonny"]
[Black "Jabot, Daniel"]
[Result "1/2-1/2"]
[WhiteElo "2135"]
[BlackElo "2127"]
[PlyCount "60"]
[EventDate "2017.??.??"]
[EventType "tourn (rapid)"]
[EventRounds "6"]
[SourceTitle "Corr 2022"]
[Source "ChessBase"]
[SourceDate "2021.10.24"]
[SourceVersion "1"]
[SourceVersionDate "2021.10.24"]
[SourceQuality "1"]

1. e4 c5 2. Nc3 Nc6 3. Nge2 g6 4. d4 cxd4 5. Nxd4 Bg7 6. Be3 Nf6 7. Bc4 0-0 8. Bb3 d6 9. f3 Bd7 10. h4 h5 11. Qd2 Rc8 12. 0-0-0 Ne5 13. Bh6 Nc4 14. Bxc4 Rxc4 15. Bxg7 Kxg7 16. Qd3 Rc8 17. Kb1 Qa5 18. Rhe1 a6 19. a3 Rfe8 20. Qd2 Rc4 21. Qe3 e5 22. Nde2 Rc6 23. Rd3 Be6 24. Red1 Qc5 25. Qxc5 dxc5 26. Ng3 b5 27. Nf1 b4 28. Ne2 Bc4 29. R3d2 bxa3 30. Ne3 Bxe2 1/2-1/2

[Event "FICGS rapid M 000088 email"]
[Site "FICGS email"]
[Date "2017.07.05"]
[Round "1"]
[White "Schmidt, Jonny"]
[Black "Kireev, Sergey Ivanovich"]
[Result "1/2-1/2"]
[WhiteElo "2135"]
[BlackElo "2225"]
[PlyCount "58"]
[EventDate "2017.??.??"]
[EventType "tourn (rapid)"]
[EventRounds "6"]
[SourceTitle "Corr 2022"]
[Source "ChessBase"]
[SourceDate "2021.10.24"]
[SourceVersion "1"]
[SourceVersionDate "2021.10.24"]
[SourceQuality "1"]

1. e4 e5 2. Nf3 Nc6 3. Bc4 Nf6 4. d3 Bc5 5. c3 d6 6. 0-0 0-0 7. Bb3 a6 8. Re1 Ba7 9. h3 h6 10. Nbd2 Re8 11. Nf1 Be6 12. Be3 Bxe3 13. Nxe3 Qd7 14. Nh4 Ne7 15. Bc2 c5 16. d4 cxd4 17. cxd4 exd4 18. Qxd4 d5 19. exd5 Nexd5 20. Nxd5 Nxd5 21. Nf3 Rad8 22. a3 b5 23. Ne5 Qd6 24. b4 Nf6 25. Qxd6 Rxd6 26. Rad1 Rxd1 27. Bxd1 Bd5 28. Nd3 Rc8 29. Nc5 Ra8 1/2-1/2

[Event "FICGS W-ch st2 g01 email"]
[Site "FICGS email"]
[Date "2017.02.28"]
[Round "1"]
[White "Schmidt, Jonny"]
[Black "Pareschi, Remo"]
[Result "1/2-1/2"]
[WhiteElo "2093"]
[BlackElo "1950"]
[PlyCount "45"]
[EventDate "2017.??.??"]
[EventType "tourn (corr)"]
[EventRounds "8"]
[SourceTitle "Corr 2022"]
[Source "ChessBase"]
[SourceDate "2021.10.24"]
[SourceVersion "1"]
[SourceVersionDate "2021.10.24"]
[SourceQuality "1"]

1. e4 e5 2. Nf3 Nc6 3. Bb5 Nf6 4. 0-0 Bc5 5. Nxe5 Nxe4 6. Qe2 Nxe5 7. Qxe4 Qe7 8. Nc3 Ng6 9. Qxe7+ Kxe7 10. Re1+ Kd8 11. Bc4 Re8 12. Ne4 Ne5 13. d4 Nxc4 14. dxc5 h6 15. Re2 b6 16. b3 Bb7 17. Nc3 Ne5 18. Ba3 Re6 19. f3 bxc5 20. Bxc5 d6 21. Rd1 Kd7 22. Bd4 Rae8 23. Kf2 1/2-1/2

[Event "FICGS W-ch st1 g09 email"]
[Site "FICGS email"]
[Date "2016.11.02"]
[Round "1"]
[White "Schmidt, Jonny"]
[Black "Kirali, Hasan"]
[Result "1-0"]
[WhiteElo "2091"]
[BlackElo "1606"]
[PlyCount "43"]
[EventDate "2016.??.??"]
[EventType "tourn (corr)"]
[EventRounds "8"]
[SourceTitle "Corr 2022"]
[Source "ChessBase"]
[SourceDate "2021.10.24"]
[SourceVersion "1"]
[SourceVersionDate "2021.10.24"]
[SourceQuality "1"]

1. e4 c5 2. Nf3 d6 3. d4 cxd4 4. Nxd4 Nf6 5. Nc3 a6 6. f4 Qc7 7. Be2 e5 8. Nb3 Be7 9. g4 d5 10. fxe5 Qxe5 11. 0-0 dxe4 12. Bf4 Qe6 13. g5 Nfd7 14. Bg4 Qb6+ 15. Kh1 0-0 16. Nd5 Qd8 17. Bc7 Qe8 18. Bf5 Nc6 19. Qh5 g6 20. Qh6 Kh8 21. Nd4 Bxg5 22. Qxg5 1-0

[Event "FICGS rapid A 000194 email"]
[Site "FICGS email"]
[Date "2016.10.15"]
[Round "1"]
[White "Dialfonso, Darren"]
[Black "Schmidt, Jonny"]
[Result "1/2-1/2"]
[WhiteElo "2118"]
[BlackElo "2041"]
[PlyCount "49"]
[EventDate "2016.??.??"]
[EventType "tourn (rapid)"]
[EventRounds "6"]
[SourceTitle "Corr 2022"]
[Source "ChessBase"]
[SourceDate "2021.10.24"]
[SourceVersion "1"]
[SourceVersionDate "2021.10.24"]
[SourceQuality "1"]

1. b4 e5 2. Bb2 Bxb4 3. Bxe5 Nf6 4. c4 0-0 5. Nf3 d5 6. e3 c5 7. cxd5 Nxd5 8. a3 Ba5 9. Qc2 Nc6 10. Bb2 Bg4 11. Be2 Rc8 12. 0-0 Re8 13. Nc3 Nxc3 14. Bxc3 Bxc3 15. dxc3 Qf6 16. Rfd1 Rcd8 17. Rab1 b6 18. Qa4 Ne5 19. Rxd8 Rxd8 20. Rd1 Nxf3+ 21. Bxf3 Bxf3 22. Rxd8+ Qxd8 23. gxf3 Qe7 24. f4 g6 25. Qc6 1/2-1/2

[Event "FICGS rapid A 000194 email"]
[Site "FICGS email"]
[Date "2016.10.15"]
[Round "1"]
[White "Schmidt, Jonny"]
[Black "Pareschi, Remo"]
[Result "0-1"]
[WhiteElo "2041"]
[BlackElo "1957"]
[PlyCount "52"]
[EventDate "2016.??.??"]
[EventType "tourn (rapid)"]
[EventRounds "6"]
[SourceTitle "Corr 2022"]
[Source "ChessBase"]
[SourceDate "2021.10.24"]
[SourceVersion "1"]
[SourceVersionDate "2021.10.24"]
[SourceQuality "1"]

1. e4 e5 2. Nf3 Nc6 3. Bb5 Nf6 4. 0-0 Bc5 5. Nxe5 Nxe4 6. Qe2 Nxe5 7. Qxe4 Qe7 8. Nc3 Ng6 9. Qxe7+ Kxe7 10. Re1+ Kd8 11. Bc4 Re8 12. Ne4 Ne5 13. Be2 Bb6 14. d4 Bxd4 15. c3 Bb6 16. Bg5+ Re7 17. Bxe7+ Kxe7 18. c4 f5 19. c5 c6 20. Bd1 fxe4 21. Rxe4 Bxc5 22. Rxe5+ Kd6 23. Re4 Kc7 24. Bg4 d5 25. Re8 Rb8 26. b3 Bxg4 0-1

[Event "FICGS class A 000173 email"]
[Site "FICGS email"]
[Date "2016.10.08"]
[Round "1"]
[White "Schmidt, Jonny"]
[Black "Romano, Jacopo"]
[Result "1/2-1/2"]
[WhiteElo "2041"]
[BlackElo "2002"]
[PlyCount "102"]
[EventDate "2016.??.??"]
[EventType "tourn (corr)"]
[EventRounds "6"]
[SourceTitle "Corr 2022"]
[Source "ChessBase"]
[SourceDate "2021.10.24"]
[SourceVersion "1"]
[SourceVersionDate "2021.10.24"]
[SourceQuality "1"]

1. e4 c5 2. Nf3 d6 3. Nc3 Nf6 4. d4 cxd4 5. Nxd4 a6 6. Be3 e5 7. Nb3 Be6 8. f3 h5 9. Nd5 Bxd5 10. exd5 Nbd7 11. Qd2 g6 12. Na5 Qc7 13. Be2 Bg7 14. 0-0-0 Nb6 15. Kb1 Nbxd5 16. Bg5 Rd8 17. Nb3 0-0 18. h3 Rfe8 19. Rhe1 Rc8 20. c3 e4 21. g4 Qd7 22. Rc1 a5 23. Nd4 Rc5 24. Nb3 e3 25. Bxe3 Rxe3 26. Nxc5 dxc5 27. Rcd1 Qa4 28. g5 Nxc3+ 29. bxc3 Nd5 30. Qxd5 Rxc3 31. Rd2 Qb4+ 32. Rb2 Rc1+ 33. Kxc1 Qxb2+ 34. Kd1 Qa1+ 35. Kc2 Qxe1 36. Bc4 Kh7 37. Qxf7 Qf2+ 38. Kc1 Qe3+ 39. Kc2 Qxg5 40. Qg8+ Kh6 41. Qd5 Qg3 42. Qxc5 Qxf3 43. Qxa5 Qxh3 44. Qd2+ Kh7 45. a4 Qh4 46. Kb3 b6 47. Qe3 Qh1 48. Bb5 h4 49. Kc2 Qg2+ 50. Kd3 h3 51. Qf4 Qd5+ 1/2-1/2

[Event "FICGS class C 000225 email"]
[Site "FICGS email"]
[Date "2015.09.14"]
[Round "1"]
[White "Block, Benjamin"]
[Black "Schmidt, Jonny"]
[Result "1-0"]
[WhiteElo "1654"]
[BlackElo "1848"]
[PlyCount "31"]
[EventDate "2015.??.??"]
[EventType "tourn (corr)"]
[EventRounds "1"]
[SourceTitle "Corr 2022"]
[Source "ChessBase"]
[SourceDate "2021.10.24"]
[SourceVersion "1"]
[SourceVersionDate "2021.10.24"]
[SourceQuality "1"]

1. e4 e5 2. Nf3 Nf6 3. d4 Nxe4 4. Bd3 d5 5. Nxe5 Nd7 6. Nxd7 Bxd7 7. 0-0 Bd6 8. Nc3 Nxc3 9. bxc3 0-0 10. Qh5 f5 11. Qf3 c6 12. Bf4 Qc7 13. Bxd6 Qxd6 14. c4 dxc4 15. Bxc4+ Kh8 16. c3 1-0

[Event "FICGS class C 000225 email"]
[Site "FICGS email"]
[Date "2015.09.14"]
[Round "1"]
[White "Hilbert, Stephan"]
[Black "Schmidt, Jonny"]
[Result "0-1"]
[WhiteElo "1644"]
[BlackElo "1848"]
[PlyCount "86"]
[EventDate "2015.??.??"]
[EventType "tourn (corr)"]
[EventRounds "1"]
[SourceTitle "Corr 2022"]
[Source "ChessBase"]
[SourceDate "2021.10.24"]
[SourceVersion "1"]
[SourceVersionDate "2021.10.24"]
[SourceQuality "1"]

1. a3 Nf6 2. Nf3 d5 3. d4 e6 4. e3 Nbd7 5. Bd3 b6 6. 0-0 c5 7. c3 Bd6 8. b3 0-0 9. Bb2 e5 10. dxe5 Nxe5 11. Be2 Nxf3+ 12. Bxf3 Qc7 13. g3 Bh3 14. Bg2 Bxg2 15. Kxg2 Rfe8 16. Nd2 Rad8 17. Qc2 Ng4 18. Qf5 Ne5 19. c4 dxc4 20. bxc4 Qc6+ 21. Kg1 Bc7 22. Bxe5 Bxe5 23. Nf3 Bxa1 24. Rxa1 Qe4 25. Qxe4 Rxe4 26. Rc1 Rd3 27. a4 Ra3 28. Nd2 Re8 29. Kg2 Rxa4 30. Rc3 Rd8 31. Ne4 f5 32. Ng5 Ra2 33. Ne6 Rdd2 34. Kh3 Rxf2 35. Kh4 h6 36. h3 Rf3 37. Rd3 Rg2 38. Rd8+ Kf7 39. Nf4 g5+ 40. Kh5 gxf4 41. exf4 Rfxg3 42. Rd7+ Ke6 43. Rxa7 Rxh3# 0-1